000 00646nas1a22002051i 4500
001 rc\116520
005 20240726012329.0
035 _a(NLR Aleph) 005394819
090 _a7218108
_c7218108
100 _a20021216a19969999u |0rusy50 ca
101 0 _arus
102 _aRU
200 1 _aЛица
_fИнформ.-изд. группа "Совершенно секретно"
210 _aМ.
_d1996-
225 1 _aМы всегда знаем больше
300 _aВ общ. обл. с журн. выходит журн. Московские лица
801 0 _aRU
_bNLR
_gpsbo
801 1 _aRU
_bELAR
_2rusmarc
852 _aNLR
_jП23/4107
942 _cSE